Normal view
MARC view
- MS Biomedical Sciences & Engineering (BMES)
Entry Topical Term
001 - CONTROL NUMBER
- control field: 121591
003 - CONTROL NUMBER IDENTIFIER
- control field: NUST
005 - DATE AND TIME OF LATEST TRANSACTION
- control field: 20240228111045.0
008 - FIXED-LENGTH DATA ELEMENTS
- fixed length control field: 240228|| aca||aabn | a|a d
040 ## - CATALOGING SOURCE
- Original cataloging agency: NUST
- Transcribing agency: NUST
150 ## - HEADING--TOPICAL TERM
- Topical term or geographic name entry element: MS Biomedical Sciences & Engineering (BMES)
670 ## - SOURCE DATA FOUND
- Source citation: Work cat.: (NUST): Shahid ,Asad Abdullah 121590, Modulation of Wound Microenvironment via Hydrogel Patch for Potential Application in Wound Management /
